000
00291nam a22001457a 4500
008
210511b ||||| |||| 00| 0 eng d
020
_a
0300047347
041
_a
eng
080
_a
94
082
_a
94
100
_a
16
101
_a
SHH
245
_a
Claudius
_c
Levick,B
942
_2
udc
_c
BK
999
_c
57189
_d
57189